Documento firmado por Don José Ignacio Domínguez (Record no. 4833)

MARC details
000 -CABECERA
campo de control de longitud fija 01591nam a2200289 a 4500
001 - NÚMERO DE CONTROL
campo de control BRCA_5139
005 - FECHA Y HORA DE LA ÚLTIMA TRANSACCIÓN
campo de control 20190320204945.0
008 - DATOS DE LONGITUD FIJA--INFORMACIÓN GENERAL
campo de control de longitud fija 221110s1824----mx-######v---#000-0#spa-#
041 ## - CÓDIGO DE LENGUA
Código de lengua del texto/banda sonora o título independiente spa
044 ## - CÓDIGO DEL PAÍS DE LA ENTIDAD EDITORA/PRODUCTORA
Código MARC del país mx
084 ## - OTRO NÚMERO DE CLASIFICACIÓN
Número de clasificación DOC130
Número de documento/Ítem .D66
-- 1824
100 1# - ENTRADA PRINCIPAL--NOMBRE DE PERSONA
Nombre de persona Domínguez, José Ignacio
9 (RLIN) 13127
245 10 - MENCIÓN DE TÍTULO
Título Documento firmado por Don José Ignacio Domínguez
Mención de responsabilidad, etc. José Ignacio Domínguez.
260 ## - PUBLICACIÓN, DISTRIBUCIÓN, ETC.
Lugar de publicación, distribución, etc. México
Fecha de publicación, distribución, etc. 1824
300 ## - DESCRIPCIÓN FÍSICA
Extensión [4] fojas
Dimensiones 32 x 23 cm.
500 ## - NOTA GENERAL
Nota general Documento que contiene informes Fiscales de algunos cargos de ese año: Sumas del Cargo y Data de enero; existencia para febrero; Sumas, Carga y Data de mayo; existencias para junio.
500 ## - NOTA GENERAL
Nota general Al margen en la parte superior contiene dos sellos españoles uno con la efigie de Fernando VII y otro con el escudo de la Casa de Borbón y el lema: ´SELLO QUARTO, UN CUARTILLO. AÑOS DE 1822 Y 1823. Habilitado jurada por el Rey. La Constitución en 9 de marzo de 1828´ y al margen izquierdo sello con el escudo nacional y el lema: ´HABILITADO POR LA REPÚBLICA MEXICANA PARA LOS AÑOS DE 1824 Y 1825´.
500 ## - NOTA GENERAL
Nota general El documento contiene la leyenda DOC. #298.
500 ## - NOTA GENERAL
Nota general Papel con marca de agua.
506 0# - NOTA DE RESTRICCIONES AL ACCESO
Limitaciones de acceso Fondo Reservado. Para su consulta es necesario credencial de usuario y carta de motivos.
546 ## - NOTA DE LENGUA/LENGUAJE
Nota de lengua/lenguaje Texto en: español de principios del siglo XIX.
600 14 - PUNTO DE ACCESO ADICIONAL DE MATERIA--NOMBRE DE PERSONA
Nombre de persona Domínguez, José Ignacio
Subdivisión general Historia
9 (RLIN) 13128
650 14 - PUNTO DE ACCESO ADICIONAL DE MATERIA--TÉRMINO DE MATERIA
Término de materia o nombre geográfico como elemento de entrada Documentos legales
Subdivisión de forma Manuscritos
Subdivisión general Historia
9 (RLIN) 12814
651 #4 - PUNTO DE ACCESO ADICIONAL DE MATERIA--NOMBRE GEOGRÁFICO
Nombre geográfico México
Subdivisión general Historia
Subdivisión cronológica Primeros gobiernos independientes, 1821-1824
9 (RLIN) 13129
902 ## - CATALOGADOR
Iniciales FDH
942 ## - ELEMENTOS DE PUNTO DE ACCESO ADICIONAL (KOHA)
Fuente del sistema de clasificación o colocación Library of Congress Classification
Tipo de ítem Koha Documentos
Holdings
Estado de retiro Estado de pérdida Estado dañado No para préstamo Localización permanente Ubicación/localización actual Fecha de adquisición Total de préstamos Signatura topográfica completa Código de barras Fecha visto por última vez Precio válido a partir de Tipo de ítem Koha
El ejemplar forma parte de la colección y puede ser consultado según las políticas vigentes.       Biblioteca del Museo Franz Mayer (Rogerio Casas-Alatriste) Biblioteca del Museo Franz Mayer (Rogerio Casas-Alatriste) 22/11/2010   DOC130 .D66 1824 5483 22/03/2019 22/03/2019 Documentos